<?xml version="1.0" encoding="UTF-8"?>
<collection xmlns:xsi="http://www.w3.org/2001/XMLSchema-instance" xsi:schemaLocation="http://www.loc.gov/MARC21/slim http://www.loc.gov/standards/marcxml/schema/MARC21slim.xsd" xmlns="http://www.loc.gov/MARC21/slim">
 <record>
  <leader>00000cam a22000003i 4500</leader>
  <controlfield tag="001">UP-1685594773862137453</controlfield>
  <controlfield tag="003">Buklod</controlfield>
  <controlfield tag="005">20240412083412.0</controlfield>
  <controlfield tag="006">g||| |     ||   ||</controlfield>
  <controlfield tag="007">ta</controlfield>
  <controlfield tag="008">240412s1969    nyua    r    |000 0|eng d</controlfield>
  <datafield tag="035" ind1=" " ind2=" ">
   <subfield code="a">(iLib)UPBAG-00032092764</subfield>
  </datafield>
  <datafield tag="040" ind1=" " ind2=" ">
   <subfield code="a">OLC</subfield>
   <subfield code="d">BAG</subfield>
   <subfield code="e">rda</subfield>
  </datafield>
  <datafield tag="041" ind1="1" ind2=" ">
   <subfield code="a">eng</subfield>
  </datafield>
  <datafield tag="090" ind1=" " ind2="0">
   <subfield code="a">PQ 7087 E5</subfield>
   <subfield code="b">T75 1969</subfield>
  </datafield>
  <datafield tag="245" ind1="0" ind2="4">
   <subfield code="a">The TriQuarterly anthology of contemporary Latin American literature</subfield>
   <subfield code="c">edited by Jose Donoso and William A. Henkin, with the staff of TriQuarterly.</subfield>
  </datafield>
  <datafield tag="264" ind1=" " ind2="1">
   <subfield code="a">New York</subfield>
   <subfield code="b">E.P. Dutton &amp; Co., Inc.</subfield>
   <subfield code="c">[1969]</subfield>
  </datafield>
  <datafield tag="300" ind1=" " ind2=" ">
   <subfield code="a">xi, 496 pages</subfield>
   <subfield code="b">illustrations</subfield>
   <subfield code="c">21 cm</subfield>
  </datafield>
  <datafield tag="336" ind1=" " ind2=" ">
   <subfield code="a">text</subfield>
   <subfield code="2">rdacontent</subfield>
  </datafield>
  <datafield tag="337" ind1=" " ind2=" ">
   <subfield code="a">unmediated</subfield>
   <subfield code="2">rdamedia</subfield>
  </datafield>
  <datafield tag="338" ind1=" " ind2=" ">
   <subfield code="a">volume</subfield>
   <subfield code="2">rdacarrier</subfield>
  </datafield>
  <datafield tag="500" ind1=" " ind2=" ">
   <subfield code="a">&quot;A Dutton paperback.&quot;</subfield>
  </datafield>
  <datafield tag="504" ind1=" " ind2=" ">
   <subfield code="a">Includes bibliographical references.</subfield>
  </datafield>
  <datafield tag="505" ind1="0" ind2=" ">
   <subfield code="a">A literature of foundations / Octavio Paz -- The new Latin American novelists / Rodriguez Monegal -- Translating Cesar Vallejo : an evolution / Clayton Eshleman -- &quot;It was Sunday ...&quot; / Cesar Vallejo -- &quot;The point of the man ...&quot; / Cesar Vallejo -- &quot;But before all this lady runs out ...&quot; / Cesar Vallejo -- &quot;Today I like life much less ...&quot; / Cesar Vallejo -- &quot;The windows ...&quot; / Cesar Vallejo -- &quot;The one who will come ...&quot; / Cesar Vallejo -- Report on the blind : part III from the novel Sobre heroes y tumbas / Ernesto Sabato -- The poem / Javier Heraud -- At home / Javier Heraud -- Only / Javier Heraud -- Some things / Javier Heraud -- The river / Javier Heraud -- Epilogue / Javier Heraud -- Selfportrait with friends / Gustavo Sainz -- An anthology of Cuban poetry / Margaret Randall -- Song of lost paradise / Eliseo Diego -- Calm / Eliseo Diego -- Boredom of the second day / Jose Lezema Lima -- Now has no weight / Jose Lezema Lima -- The cords / Jose Lezema Lima -- The other / Roberto Fernandez Retamar -- from the Vedado, a Cuban writes to a decidedly European friend / Roberto Fernandez Retamar -- I hear my name / Fayad Jamis -- Auschwitz was not the garden of my childhood / Fayad Jamis -- Giron Beach / Herberto Padilla -- Anne Frank / Herberto Padilla -- from Barracks and nets / Pablo Armando Fernandez -- The absent friend / Miguel Barnet -- Errata / Miguel Barnet -- Chapter One from The green house / Mario Vargas Llosa -- Altar of the sun / Octavio Paz -- The switchman / Juan Jose Arreola -- An anthology of Peruvian poetry / Maureen Ahern Maurer -- Question of time / Antonio Cisneros -- Loneliness II / Antonio Cisneros -- Tupac Amaru relegate / Antonio Cisneros -- After the Battle of Ayacucho : a mother's testimony / Antonio Cisneros -- Life explains &amp; death spies out / Washington Delgado -- Plurality of worlds / Washington Delgado -- Report for Isolda / Julio Ortega -- The poet's room / Cesar Calvo -- From the liturgy / Juan Gonzalo Rose -- The beak of the dove / Juan Gonzalo Rose -- Tuesday siesta / Gabriel Garcia Marquez -- 20 poems from O Hada Cibernetica! / Carlos German Belli -- The intruder / Jorge Luis Borges -- An anthology of Argentine poetry / Patrick Morgan -- Those who are alone / Horacio Salas -- Friends / Horacio Salas -- Picture girl / Carlos J. Moneta -- The emperor of rain / Carlos J. Moneta -- The struggle of poets / Carlos J. Moneta -- Eternity / Armando Tejada Gomez -- The wind and the weathercock / Armando Tejada Gomez -- The fish dies by the mouth / Armando Tejada Gomez -- Americania / Miguel Grinberg -- To Elbialove unsung / Leopoldo Marechal -- Michel / Maximo Simpson -- Melancholy hotel / Maximo Simpson -- Of men and years / Edgar Bayley -- Theory re deniela rocca / Juan Gelman -- from &quot;Fragments&quot; / Miguel Angel Bustos -- The shared thoughts, free prose, of Basilia Papastamatiu / Basilia Papastamatiu -- Nine Paraguayan poets / Ruben Bareiro Saguier -- &quot;The wind vacated&quot; / Esteban Cabanas -- &quot;Reptile growing gloomy leaves&quot; / Esteban Cabanas -- &quot;Flour from lifeless roots&quot; / Ramiro Dominguez -- Fragment / Ramiro Dominguez -- All on meeting you / Rene Davalos -- Colophon / Jose-Luis Appleyard -- There is a place / Jose-Luis Appleyard -- Still (fragment) / Francisco Perez Maricevich -- Poem 8 / Francisco Perez Maricevich -- Sea bed / Ruben Bareiro Saguier -- Awakening / Ruben Bareiro Saguier -- &quot;I cannot find ...&quot; / Jose Maria Gomez Sanjurjo -- &quot;If the breeze today&quot; / Jose Maria Gomez Sanjurjo -- Early morning memory / Adolfo Ferreiro -- Masquerade / Adolfo Ferreiro -- &quot;9&quot; / Roque Vallejos -- &quot;7&quot; / Roque Vallejos -- Good evening, sir / Dalton Trevisan -- The elephant's graveyard / Dalton Trevisan -- &quot;It was the grape's autumn&quot; / Pablo Neruda -- They receive instructions against Chile / Pablo Neruda -- Hunger in the south / Pablo Neruda -- Murderer's sleep / Pablo Neruda -- Ode to broken things / Pablo Neruda --from Lautreamont regained / Pablo Neruda -- Opium in the East / Pablo Neruda -- Religion in the East / Pablo Neruda -- Paseo / Jose Donoso -- An anthology of Mexican poetry / Margaret Randall -- The written word / Octavio Paz -- Nocturno / Octavio Paz -- The return / Octavio Paz -- Lightning, in repose / Octavio Paz -- The dunes / Isabel Fraire -- &quot;This was in the time ...&quot; / Isabel Fraire -- Fallout shelter / Joaquin Sanchez MacGregor -- Polar ice / Joaquin Sanchez MacGregor -- I love your confusion / Homero Aridjis -- Night dies on a crushed apple / Homero Aridjis -- Urns, flies and locusts / Sergio Mondragon -- In July and in Hebrew / Sergio Mondragon -- chapters from El habitante amoroso / Juan Banuelos -- Brief flower / Nelida Pinon -- Mud / Enrique Lihn -- The dark room / Enrique Lihn -- Jonah / Enrique Lihn -- Coliseum / Enrique Lihn -- You are perfectly monstrous in your silence / Enrique Lihn -- Market place / Enrique Lihn -- The favorite / Juan Jose Hernandez -- To a coin / Jorge Luis Borges -- Raphael Cansinos-Assens / Jorge Luis Borges -- Emanuel Swedenborg / Jorge Luis Borges -- Someone / Jorge Luis Borges -- A soldier under Lee (1862) / Jorge Luis Borges -- The sea / Jorge Luis Borges -- To a Saxon poet / Jorge Luis Borges -- Edgar Allan Poe / Jorge Luis Borges -- The perfect adventure / Vincente Lenero -- An anthology of Chilean poetry : thus it is, if you think it is / Alfonso Calderon --Legacy of honey / Efrain Barquero -- The house / Efrain Barquero -- XXI / Efrain Barquero -- Winter / Alberto Rubio -- Grandmother / Alberto Rubio -- To silence / Gonzalo Rojas -- Coal / Gonzalo Rojas -- And I keep singing you like a bad popular song / Gonzalo Millan -- Clinical bulletin / Gonzalo Millan -- Vision of Hiroshima / Oscar Hahn -- The living man / Oscar Hahn -- The lost dominions / Jorge Teillier -- Leave-taking / Jorge Teillier -- The cafe / Miguel Arteche -- Rain / Miguel Arteche -- from Strong wind / Miguel Angel Asturias -- To the chicken guts / Nicanor Parra -- A man / Nicanor Parra -- Unpublished artifacts / Nicanor Parra -- Unusual occupations / Julio Cortazar -- The insides of horses / Carlos Castro Saavedra -- Cluster of children / Carlos Castro Saavedra -- The doll queen / Carlos Fuentes -- Chicha talking it up / Rafael Pineda -- 1926 / Rafael Pineda -- The commission / Rafael Pineda -- For Maricastana, with a spray of immortelle / Rafael Pineda -- Much ado / Joao Guimaraes Rosa -- Old ferret / Enrique Molina -- Renegade / Enrique Molina -- &quot;What trade can suit me?&quot; / Enrique Molina -- chapter four, part one, from The apple in the dark / Clarice Lispector -- With fixed bayonet / Marco Antonio Montes De Oca -- Assumption of the triple images / Marco Antonio Montes De Oca -- Nameless / Marco Antonio Montes De Oca -- The siren / Carlos Martinez Moreno -- from The fire waned / Jose Emilio Pacheco -- An investigation of the bat / Jose Emilio Pacheco.</subfield>
  </datafield>
  <datafield tag="650" ind1=" " ind2="0">
   <subfield code="a">Latin American literature</subfield>
   <subfield code="v">Translations into English.</subfield>
  </datafield>
  <datafield tag="651" ind1=" " ind2="0">
   <subfield code="a">Latin America</subfield>
   <subfield code="v">Literary collections.</subfield>
  </datafield>
  <datafield tag="700" ind1="1" ind2=" ">
   <subfield code="a">Donoso, José</subfield>
   <subfield code="d">1924-1996</subfield>
   <subfield code="e">editor.</subfield>
  </datafield>
  <datafield tag="700" ind1="1" ind2=" ">
   <subfield code="a">Henkin, William A.</subfield>
   <subfield code="e">editor.</subfield>
  </datafield>
  <datafield tag="905" ind1=" " ind2=" ">
   <subfield code="a">FO</subfield>
  </datafield>
  <datafield tag="852" ind1="0" ind2=" ">
   <subfield code="a">UPBAG</subfield>
   <subfield code="b">UPBAG-MAIN</subfield>
   <subfield code="h">PQ 7087 E5 T75 1969</subfield>
  </datafield>
  <datafield tag="942" ind1=" " ind2=" ">
   <subfield code="a">Book</subfield>
  </datafield>
 </record>
</collection>
